=LDR 00000nam 2200000 4500 =001 INLIS000000000031283 =005 20130612133349 =008 ***********************************ind** =035 ##$$a0010-061300000031283 =041 ##$$a ind =082 ##$$a 668. 637 =090 ##$$a 668. 637 , Jay l =100 ##$$a Djaja,Willyan =245 ##$$a Langkah jitu membuat kompos dari kotoran ternak =260 ##$$a 2008 $b Jakarta =300 ##$$a vi, 86 hlm, ilus, 23 cm =650 ##$$a KOMPOS =850 ##$$a NBPNMAT =990 ##$$a 21400613/BPAP-NTB/20142014